感染症法の類型 - Statistics

General Stats
  • This quiz has been taken 11 times
  • The average score is 25 of 63
Answer Stats
1類感染症 % Correct
痘そう
75%
南米出血熱
75%
ペスト
75%
コレラ
75%
腸チフス
75%
パラチフス
75%
狂犬病
75%
結核
75%
ポリオ(急性灰白髄炎)
75%
ラッサ熱
75%
エボラ出血熱
75%
ジフテリア
75%
鳥インフルエンザ(H5N1)
75%
重症熱性血小板減少症候群(SFTS)
75%
中東呼吸器症候群(MERS)
75%
重症型急性呼吸器症候群(SARS)
75%
クリミア・コンゴ出血熱
50%
マールブルグ熱
50%
細菌性赤痢
50%
腸管出血性大腸菌感染症
50%
エムポックス
50%
西部ウマ脳炎
50%
チクングニア熱
50%
東部ウマ脳炎
50%
ベネズエラウマ脳炎
50%
マラリア
50%
A型肝炎
50%
E型肝炎
50%
ウエストナイル熱
25%
エキノコックス症
25%
黄熱
25%
オウム病
25%
回帰熱
25%
キャサヌル森林病
25%
Q熱
25%
コクシジオイデス症
25%
ジカウイルス感染症
25%
腎症候性出血熱
25%
ダニ媒介脳炎
25%
デング熱
25%
ニパウイルス感染症
25%
日本紅斑熱
25%
日本脳炎
25%
ハンタウイルス肺症候群
25%
鼻疽
25%
ブルセラ症
25%
ヘンドラウイルス感染症
25%
野兎病
25%
ライム病
25%
リッサウイルス感染症
25%
リフトバレー熱
25%
類鼻疽
25%
レプトスピラ症
25%
ロッキー山紅斑熱
25%
鳥インフルエンザ(H5N9)
25%
オムスク出血熱
0%
炭疽
0%
つつが虫病
0%
Bウイルス病
0%
発しんチフス
0%
ボツリヌス症
0%
レジオネラ症
0%
鳥インフルエンザ(H5N1・H5N9を除く)
0%
No matching quizzes found
Score Distribution
Percent of People with Each Score
Percentile by Number Answered
Your Score History
You have not taken this quiz